| 000 | 00842nas a2200277 4500 | ||
|---|---|---|---|
| 001 | BR2013006392 | ||
| 003 | BR-BrBNA | ||
| 005 | 20231205122758.0 | ||
| 007 | ta | ||
| 008 | 230509b bl.|||p| |||| 00| 00por d | ||
| 040 |
_aBR-BrBNA _bpor _cBiblioteca Nacional de Agricultura |
||
| 041 | _a(Pt) | ||
| 072 | _aF08 | ||
| 100 | 1 | _aPezarico, C.R. | |
| 100 | 1 | _aVitorino, A.C.T. | |
| 100 | 1 | _aMercante, F.M. | |
| 100 | 1 | _aDaniel, O. | |
| 245 | 1 | _aIndicadores de qualidade do solo em sistemas agroflorestais | |
| 650 | _aSISTEMA DE CULTIVO | ||
| 650 | _aCONSERVAÇÃO DO SOLO | ||
| 650 | _aPROPRIEDADE FÍSICO-QUÍMICA | ||
| 650 | _aBIOMASSA | ||
| 773 | 0 |
_tRevista de Ciências Agrárias (Brazil) _xISSN 1517-591X _g(Jan-Mar 2013), v. 56(1) p. 40-47 _wBR2013006392 |
|
| 909 |
_a202311 _bLúcia _c55 _dLúcia Elande |
||
| 942 |
_2AGRIS _n0 _cANA |
||
| 999 |
_c230511 _d230511 |
||